Fry seed production of red-tail tinfoil barb(Barbodes altus) by semi-artificial method by using HGG and suprefact, ការផលិតកូនត្រីតាមបែបពាក់កណ្តាលសិប្បនិម្មិតដោយប្រើអរម៉ូន HCG និងSUPREFACT (Record no. 4038)

000 -LEADER
fixed length control field 00657nam a22001337a 4500
040 ## - CATALOGING SOURCE
Transcribing agency RUA
082 ## - DEWEY DECIMAL CLASSIFICATION NUMBER
Classification number FIS HEM 2013 B185 Or.1
100 ## - MAIN ENTRY--AUTHOR NAME
Personal name HEM, SOPHEAP
245 ## - TITLE STATEMENT
Title Fry seed production of red-tail tinfoil barb(Barbodes altus) by semi-artificial method by using HGG and suprefact, ការផលិតកូនត្រីតាមបែបពាក់កណ្តាលសិប្បនិម្មិតដោយប្រើអរម៉ូន HCG និងSUPREFACT
260 ## - PUBLICATION, DISTRIBUTION, ETC. (IMPRINT)
Place of publication Phnom Penh
Name of publisher RUA
Year of publication 2013
300 ## - PHYSICAL DESCRIPTION
Number of Pages x,m 33p.
Other physical details ill.
Dimensions 29cm.
856 ## - ELECTRONIC LOCATION AND ACCESS
Uniform Resource Identifier https://drive.google.com/file/d/1odj2Gneu1b3XNKoxLgwN9xISdkdsZ5iX/view?usp=sharing
942 ## - ADDED ENTRY ELEMENTS (KOHA)
Koha item type FIS
952 ## - LOCATION AND ITEM INFORMATION (KOHA)
Withdrawn status [LOCAL, KOHA] 0
952 ## - LOCATION AND ITEM INFORMATION (KOHA)
Withdrawn status [LOCAL, KOHA] 0
952 ## - LOCATION AND ITEM INFORMATION (KOHA)
Withdrawn status [LOCAL, KOHA] 0
952 ## - LOCATION AND ITEM INFORMATION (KOHA)
Withdrawn status [LOCAL, KOHA] 0
952 ## - LOCATION AND ITEM INFORMATION (KOHA)
Withdrawn status [LOCAL, KOHA] 0
952 ## - LOCATION AND ITEM INFORMATION (KOHA)
Withdrawn status [LOCAL, KOHA] 0
952 ## - LOCATION AND ITEM INFORMATION (KOHA)
Withdrawn status [LOCAL, KOHA] 0
952 ## - LOCATION AND ITEM INFORMATION (KOHA)
Withdrawn status [LOCAL, KOHA] 0
952 ## - LOCATION AND ITEM INFORMATION (KOHA)
Withdrawn status [LOCAL, KOHA] 0
Holdings
Permanent Location Date acquired Koha item type Lost status Barcode Shelving location Current Location Full call number
Library Block B2015-12-04FIS RUA028760 Library Block BFIS HEM 2013 B185 Or.1
Library Block B2015-12-04FIS RUA028344 Library Block BFIS HEM 2013 B185 Or.2
Library Block B2015-12-04FIS RUA028271 Library Block BFIS HEM 2013 B185 Or.3
Library Block B2015-12-04FIS RUA44925 Library Block BFIS HEM 2013 B185 Or.4
Library Block B2015-12-04FIS RUA010931 Library Block BFIS HEM 2013 B185 Or.5
Library Block B2015-12-04FIS RUA010570 Library Block BFIS HEM 2013 B185 Or.6
Library Block B2015-12-04FIS RUA010642 Library Block BFIS HEM 2013 B185 Or.7
Library Block B2015-12-04FIS RUA010926 Library Block BFIS HEM 2013 B185 Or.8
Library Block B2019-03-26FIS A36397B1.226Library Block BFIS HEM 2013 B1.226 Or.1
មជ្ឈមណ្ឌលឯការនៃសាកលវិទ្យាល័យភូមិន្ទកសិកម្មចំការដូង

Powered by Koha